000 00765nam a22002297a 4500
005 20221124095434.0
040 _cURS
050 _aPE 1408 C43 2002
245 _aThe challenge of effective writing
_cLourdes A. Dagdag [et al.]
260 _aValenzuela City
_bMega-Jesta Prints, Inc.
_c2002
336 _2rdacontent
_atext
_btxt
337 _2rdamedia
_aunmediated
_bn
338 _2rdacarrier
_avolume
_bnc
650 0 _9388
_aEnglish language
_xRhetoric.
700 _93043
_aDagdag, Lourdes A.
_eauthor
700 _93044
_aRanin, Virginia A.
_eauthor
700 _93045
_aPadilla, Mely M.
_eauthor
700 _93046
_aEsguerra, Araceli V.
_eauthor
700 _93047
_aRoxas, Flordeliz R.
_eauthor
700 _93048
_aBuluran, Cristina C.
_eauthor
942 _2lcc
_cF
999 _c59424
_d59424